Lesquels de ces dictateurs avaient des moustaches - Statistiques

Statistiques générales
  • Ce quiz a été pris 91 fois
  • Le résultat moyen est 5 sur 12
Answers on the Grid
Answers color-coded by a green-red scale on the quiz's grid according to % correct below.
Adolf Hitler
Augusto Pinochet
Benito Mussolini
Fidel Castro
Francisco Franco
Georgios Papadopoulos
Hafez el-Assad
Ho Chi Minh
Joseph Staline
Josip Broz Tito
Kim Il-sung
Kim Jong-il
Kim Jong-un
Idi Amin Dada
Mao Zedong
Mouammar Kadhafi
Pol Pot
Antonio de Oliveira Salazar
Saddam Hussein
Tchang Kaï-chek
Bachar el-Assad
Hirohito
 
Statistiques - réponses
Réponse % Correct
Adolf Hitler
79%
Joseph Staline
73%
Fidel Castro
65%
Francisco Franco
48%
Saddam Hussein
47%
Ho Chi Minh
39%
Hafez el-Assad
37%
Mouammar Kadhafi
37%
Augusto Pinochet
29%
Hirohito
27%
Georgios Papadopoulos
19%
Tchang Kaï-chek
13%
Aucun quiz correspondant
Distribution des résultats
% des personnes avec chaque résultat
Percentile par nombre de réponses
Votre historique - résultats
Vous n’avez pas pris ce quiz